The Chronicles of Narnia : (Record no. 110350)
[ view plain ]
| 000 -LEADER | |
|---|---|
| fixed length control field | 00322nam a2200121 a 4500 |
| 001 - CONTROL NUMBER | |
| control field | 4140 |
| 005 - DATE AND TIME OF LATEST TRANSACTION | |
| control field | 20140414131854.0 |
| 008 - FIXED-LENGTH DATA ELEMENTS--GENERAL INFORMATION | |
| fixed length control field | 090218s19uu xx 00 eng d |
| 050 ## - LIBRARY OF CONGRESS CALL NUMBER | |
| Classification number | M 823 |
| Item number | D83 2005 |
| 100 ## - MAIN ENTRY--PERSONAL NAME | |
| Personal name | Driggs, Scout |
| 245 ## - TITLE STATEMENT | |
| Title | The Chronicles of Narnia : |
| Remainder of title | the lion, the witch and the wardrobe. |
| Withdrawn status | Lost status | Damaged status | Home library | Current library | Shelving location | Date acquired | Total Checkouts | Full call number | Barcode | Date last seen | Price effective from | Koha item type |
|---|---|---|---|---|---|---|---|---|---|---|---|---|
| Munich Library | Munich Library | Main Section | 02/18/2009 | M 823 D83 2005 | M0735 | 04/14/2014 | 04/14/2014 | Books |